[Event "AUTO-OPEN-1575"]
[Site "http://www.queenalice.com/game.php?id=596755"]
[Date "2009.6.1"]
[Round "1"]
[White "DaarSchaaktTie"]
[Black "jorden"]
[Result "0-1"]
[WhiteElo "1803"]
[BlackElo "1354"]

1. d4 d5 2. Nf3 Nf6 3. g3 e6 4. Ne5 Bd6 5. Bg2 c5 6. dxc5 Bxe5 7. c3 Nbd7 8. b4
O-O 9. a3 Ne4 10. Bb2 Ndf6 11. Bxe4 Nxe4 12. f4 Bf6 13. e3 e5 14. Nd2 exf4 15.
Nxe4 fxe3 16. Qf3 dxe4 17. Qxe3 Re8 18. O-O h6 19. Rab1 Bg5 20. Qe2 Bh3 21. Rf2
e3 22. Rf3 Bg4 23. Rbf1 Bxf3 24. Qxf3 e2 25. Qxf7+ Kh8 26. Re1 Be3+ 27. Kg2 Re7
28. Qf3 Qd1 29. Qxe2 Qd5+ 30. Qf3 Qxf3+ 31. Kh3 Qf2 32. Rxe3 Rxe3 33. Bc1 Qf5+
34. Kg2 Qc2+ 35. Kh3 Qxc1 36. c4 Rf8 37. c6 bxc6 0-1

[Event "AUTO-OPEN-1575"]
[Site "http://www.queenalice.com/game.php?id=596756"]
[Date "2009.6.1"]
[Round "1"]
[White "jorden"]
[Black "DaarSchaaktTie"]
[Result "1-0"]
[WhiteElo "1324"]
[BlackElo "1833"]

1. e4 e5 2. Nf3 Nc6 3. Bb5 Nge7 4. O-O d6 5. d4 exd4 6. Nxd4 Bd7 7. Nc3 Nxd4 8.
Bxd7+ Qxd7 9. Qxd4 f6 10. f4 a6 11. Nd5 Nxd5 12. Qxd5 c6 13. Qh5+ g6 14. Qh4 Be7
15. f5 g5 16. Qh5+ Kd8 17. Rd1 Kc7 18. b3 h6 19. Bb2 b5 20. a4 b4 21. c3 bxc3
22. Bxc3 a5 23. b4 axb4 24. Bxb4 c5 25. Bxc5 Rxa4 26. Rac1 Kd8 27. Bb6+ Qc7 28.
Bxc7+ Kd7 29. Bb6 Rc8 30. Rxc8 Kxc8 31. Qe8+ Kb7 32. Qxe7+ Kxb6 33. Rxd6+ Kb5
34. Qb7+ Kc5 35. Qd5+ Kb4 36. Rb6+ Ka3 37. Qb3# 1-0

[Event "Challenge"]
[Site "http://www.queenalice.com/game.php?id=639227"]
[Date "2009.8.20"]
[Round "-"]
[White "SalsaQueen"]
[Black "DaarSchaaktTie"]
[Result "1-0"]
[WhiteElo "1813"]
[BlackElo "1766"]

1. d4 d5 2. Nc3 Nf6 3. h3 c6 4. Bg5 e6 5. Bxf6 gxf6 6. Nf3 Qd6 7. a3 Nd7 8. e3
Bh6 9. g4 Ke7 10. Bd3 b5 11. b4 a5 12. e4 e5 13. exd5 exd4 14. Ne2 Qxd5 15.
Nexd4 axb4 16. Nf5+ Kd8 17. Nxh6 Re8+ 18. Kf1 bxa3 19. Kg1 Ne5 20. Nxe5 Rxe5 21.
Bxh7 Kc7 22. Qxd5 Rxd5 23. Nxf7 Be6 24. Nh6 Rad8 25. Rxa3 Rd1+ 26. Kh2 R1d2 27.
Ra7+ Kb6 28. Rha1 Bd5 29. Kg3 Re8 30. Bd3 Bc4 31. Bxc4 bxc4 32. R7a2 Ree2 33.
Rb2+ Kc5 34. Nf5 Kd5 35. f3 c3 36. Ra5+ c5 37. Rbb5 Ke6 38. Rxc5 Kf7 39. Ra7+
Kg6 40. Rg7# 1-0

[Event "AUTO-OPEN-1514"]
[Site "http://www.queenalice.com/game.php?id=641759"]
[Date "2009.8.24"]
[Round "2"]
[White "Bernobr"]
[Black "DaarSchaaktTie"]
[Result "1-0"]
[WhiteElo "2008"]
[BlackElo "1765"]

1. e4 e5 2. Nc3 Nc6 3. g3 d6 4. Bg2 Nf6 5. d3 Bg4 6. Nge2 Nd4 7. h3 Bxe2 8. Nxe2
Nxe2 9. Qxe2 Qd7 10. O-O O-O-O 11. c4 b6 12. b4 c5 13. Bd2 Qe6 14. a4 Be7 15. a5
Kd7 16. axb6 axb6 17. bxc5 dxc5 18. Ra7+ Kc6 19. Rfa1 Rd7 20. Bc3 Rxa7 21. Rxa7
Rd8 22. Qc2 Rd7 23. Qa4+ b5 24. Qxb5+ Kd6 25. Qb6# 1-0

[Event "AUTO-OPEN-1514"]
[Site "http://www.queenalice.com/game.php?id=641760"]
[Date "2009.8.24"]
[Round "2"]
[White "DaarSchaaktTie"]
[Black "Bernobr"]
[Result "0-1"]
[WhiteElo "1752"]
[BlackElo "1986"]

1. d4 d5 2. Nf3 Nf6 3. Nc3 e6 4. e3 c5 5. Bb5+ Nc6 6. Ne5 Qc7 7. dxc5 Qxe5 8.
Bxc6+ bxc6 9. Qe2 Bxc5 10. Na4 Bd6 11. g3 Qe4 12. Rf1 Qxa4 13. b3 Qa5+ 14. Bd2
Bb4 15. c3 Bxc3 16. Rd1 Bxd2+ 17. Rxd2 Ba6 18. Qf3 Bxf1 0-1

[Event "AUTO-INT-1098"]
[Site "http://www.queenalice.com/game.php?id=721249"]
[Date "2010.1.27"]
[Round "2"]
[White "qwertyuiop"]
[Black "DaarSchaaktTie"]
[Result "0-1"]
[WhiteElo "1574"]
[BlackElo "1751"]

1. d4 d5 2. c4 dxc4 3. Nf3 c6 4. e4 b5 5. a4 Qa5+ 6. Bd2 Qb6 7. a5 Qc7 8. b4 Nf6
9. Nc3 e6 10. Rb1 g6 11. g3 Na6 0-1

[Event "AUTO-INT-1098"]
[Site "http://www.queenalice.com/game.php?id=721251"]
[Date "2010.1.27"]
[Round "2"]
[White "Delferrer"]
[Black "DaarSchaaktTie"]
[Result "1-0"]
[WhiteElo "1744"]
[BlackElo "1758"]

1. e4 e5 2. Nf3 Nc6 3. Bb5 a6 4. Bxc6 dxc6 5. d3 f6 6. Nc3 b5 7. a3 Nh6 8. h3
Bc5 9. Bxh6 gxh6 10. b4 Bd4 11. Nxd4 Qxd4 12. Ne2 Qd6 13. O-O Rg8 14. Ng3 Qd4
15. Qh5+ Rg6 16. Nf5 Bxf5 17. exf5 Ke7 18. fxg6 hxg6 19. Qxg6 Ke6 20. Qxh6 Rg8
21. Qe3 Qd5 22. f3 Ke7 23. Rf2 Rg3 24. Kh2 Rg7 25. f4 Kd6 26. c4 bxc4 27. dxc4
Qxc4 28. Rd1+ Ke6 29. fxe5 fxe5 30. Qh6+ 1-0

[Event "AUTO-INT-1098"]
[Site "http://www.queenalice.com/game.php?id=721252"]
[Date "2010.1.27"]
[Round "2"]
[White "DaarSchaaktTie"]
[Black "Delferrer"]
[Result "1/2-1/2"]
[WhiteElo "1759"]
[BlackElo "1743"]

1. Nf3 Nc6 2. g3 b6 3. Bg2 Bb7 4. O-O d6 5. d3 Qd7 6. Nc3 Nf6 7. b3 h6 8. Be3 g5
9. Nd4 Ng4 10. Qd2 Bg7 11. Nxc6 Bxc6 12. Bh3 f5 13. f3 Nxe3 14. Rfe1 Nd5 15. d4
Nxc3 16. Qxc3 Bd5 17. Kf2 c5 18. Qd3 Bxd4+ 19. e3 Bxa1 20. Qxd5 O-O-O 21. Qa8+
Kc7 22. Qxa7+ Kc8 23. Qa8+ Kc7 24. Qa7+ Kc6 25. Qa4+ Kc7 26. Qa7+ 1/2-1/2

[Event "QA-ANNIV-06"]
[Site "http://www.queenalice.com/game.php?id=790884"]
[Date "2010.6.16"]
[Round "1"]
[White "Markan"]
[Black "DaarSchaaktTie"]
[Result "1-0"]
[WhiteElo "1700"]
[BlackElo "1760"]

1. e4 e5 2. Nf3 Nc6 3. d3 d6 4. Nc3 Nf6 5. Bg5 Be7 6. g3 h6 7. Be3 a6 8. d4 Nxd4
9. Nxd4 exd4 10. Bxd4 Be6 11. Bg2 c6 12. O-O O-O 13. e5 dxe5 14. Bxe5 Qxd1 15.
Rfxd1 Rad8 16. a3 Rxd1+ 17. Rxd1 Rd8 18. Rxd8+ Bxd8 19. Bf3 Nd7 20. Bf4 Bf6 21.
Nd1 g5 22. Be3 Bf5 23. c3 Ne5 24. Kg2 Ng6 25. h3 Kg7 26. g4 Nh4+ 27. Kf1 Nxf3
28. gxf5 1-0

[Event "AUTO-OPEN-2143"]
[Site "http://www.queenalice.com/game.php?id=850185"]
[Date "2010.10.24"]
[Round "1"]
[White "DaarSchaaktTie"]
[Black "Villamizar"]
[Result "0-1"]
[WhiteElo "1756"]
[BlackElo "1907"]

1. d4 d5 2. Nf3 c6 3. Bf4 e6 4. e3 Bd6 5. Bxd6 Qxd6 6. Ne5 Nd7 7. Qh5 Qe7 8. Nc3
Ngf6 9. Qg5 O-O 10. Nxd7 Bxd7 11. Bd3 Rfe8 12. O-O h6 13. Qg3 c5 14. Qc7 cxd4
15. exd4 Bc6 16. Qf4 a6 17. Rfe1 Qb4 18. Rab1 Rac8 19. h3 b5 20. a3 Qe7 0-1

[Event "AUTO-OPEN-2143"]
[Site "http://www.queenalice.com/game.php?id=850186"]
[Date "2010.10.24"]
[Round "1"]
[White "Villamizar"]
[Black "DaarSchaaktTie"]
[Result "1-0"]
[WhiteElo "1896"]
[BlackElo "1756"]

1. d4 d5 2. c4 dxc4 3. Nc3 Be6 4. e4 c6 5. d5 cxd5 6. exd5 Bd7 7. Bxc4 e6 8. Nf3
exd5 9. Qxd5 Qe7+ 10. Be3 Nc6 11. O-O Nf6 12. Qd1 Rd8 13. Qc2 Be6 14. Bb5 Bd7
15. Rfe1 a6 16. Bxc6 Bxc6 17. Bb6 Be4 18. Nxe4 Nxe4 19. Rxe4 Rb8 20. Rxe7+ 1-0

[Event "AUTO-OPEN-2143"]
[Site "http://www.queenalice.com/game.php?id=850187"]
[Date "2010.10.24"]
[Round "1"]
[White "DaarSchaaktTie"]
[Black "MHRangel"]
[Result "0-1"]
[WhiteElo "1765"]
[BlackElo "1932"]

1. e4 c5 2. d4 cxd4 3. Qxd4 Nc6 4. Qe3 d6 5. Nc3 g6 6. f3 Bg7 7. Bb5 Bd7 8. Bd2
Nd4 9. Bxd7+ Qxd7 10. Nge2 Nxc2+ 11. Kd1 Nxe3+ 12. Bxe3 e6 13. Ke1 Ne7 14. Kf2
O-O 15. Rhd1 f5 16. exf5 Nxf5 17. Rac1 Nxe3 18. Kxe3 d5 19. Kf2 d4 20. Ne4 d3
21. N2c3 Bh6 22. Rb1 Qd4+ 23. Kg3 Bf4+ 24. Kh3 g5 0-1

[Event "AUTO-OPEN-2143"]
[Site "http://www.queenalice.com/game.php?id=850188"]
[Date "2010.10.24"]
[Round "1"]
[White "MHRangel"]
[Black "DaarSchaaktTie"]
[Result "0-1"]
[WhiteElo "1908"]
[BlackElo "1742"]

1. d4 d5 2. c4 dxc4 3. e3 b5 4. Nf3 Nf6 5. Bd2 Bf5 6. Be2 c6 7. Bb4 e6 8. Bxf8
Kxf8 9. Ne5 Qc7 10. Bf3 Ke7 11. Nc3 Nbd7 12. Nxc6+ Kf8 13. a3 Rc8 14. Ne5 Nxe5
15. dxe5 Qxe5 16. O-O a6 17. Bb7 Ng4 18. Bxc8 Qxh2# 0-1

[Event "AUTO-OPEN-2143"]
[Site "http://www.queenalice.com/game.php?id=850189"]
[Date "2010.10.24"]
[Round "1"]
[White "DaarSchaaktTie"]
[Black "RadiantDawn"]
[Result "0-1"]
[WhiteElo "1756"]
[BlackElo "1562"]

1. Nc3 e5 2. e4 Nc6 3. d3 d6 4. Be3 Nf6 5. a3 a6 6. Nf3 h6 7. Nd5 Be7 8. Be2
Nxd5 9. Qd2 Nf6 10. O-O Bg4 11. h3 Bxf3 12. Bxf3 h5 0-1

[Event "AUTO-OPEN-2143"]
[Site "http://www.queenalice.com/game.php?id=850190"]
[Date "2010.10.24"]
[Round "1"]
[White "RadiantDawn"]
[Black "DaarSchaaktTie"]
[Result "1-0"]
[WhiteElo "1586"]
[BlackElo "1732"]

1. d4 d5 2. Nf3 e6 3. e3 Bd6 4. Nc3 a6 5. Bd3 h6 6. Qe2 Nc6 7. a3 Nf6 8. h3 Bd7
9. Bd2 Qe7 10. O-O O-O-O 11. Na2 Ne4 12. Nc3 Nxd2 13. Nxd2 1-0